[Event "KNSB 2006-2007"]
[Site "?"]
[Date "2007.03.03"]
[Round "6"]
[White "Witt, Rob"]
[Black "De Jong, Migchiel"]
[Result "0-1"]
[WhiteElo "2220"]
[BlackElo "2254"]
[Annotator "Witt"]
[PlyCount "44"]
[EventDate "2007.??.??"]

{Een slechte partij van mij uit de wedstrijd in Leeuwarden tegen Philidor 1847.
Eigenlijk geen partij want in een voor mij nog bekende stelling speelde ik
ongeconcentreerd a tempo (!) een zet die een kwaliteit won, terwijl ik al een
paar jaar weet dat wit veel beter heeft. Ik zat zo te balen dat er daarna geen
goede zet meer uit mijn vingers kwam. De voortekenen waren voor mij ook al
niet zo gunstig. Ik zou de avond tevoren zeker deze variant nog eens bekeken
hebben, want Migchiel de Jong was een waarschijnlijke tegenstander en hij
speelt meestal de KID met Pa6. Ik had echter totaal geen zin om wat voor te
bereiden en beperkte me tot de hele avond schaatsen kijken op tv.} 1. Nf3 Nf6
2. c4 g6 3. Nc3 Bg7 4. e4 d6 5. d4 O-O 6. Be2 e5 7. O-O Na6 8. Be3 Ng4 9. Bg5 {
5'} Qe8 {5' Zoals te verwachten viel stond deze uitgangsstelling van de KID
met Pa6 al snel op het bord.} 10. c5 $5 {6' Het aantrekkelijke van deze
verrassende zet is, dat hij niet genoemd wordt in de bekende boeken over de
KID. Ik zag hem toevallig in 2004 in een paar partijen van Cheparinov. Ik heb
deze stelling nu voor de derde keer op het bord en iedere keer bleek het een
verrassing voor mijn tegenstander. Zowel Bezemer, Belhach en nu De Jong
gebruikten voor hun volgende twee zetten gemiddeld drie kwartier. Ik ben
overigens niet overtuigd dat deze zet tot voordeel leidt, maar interessant is
het wel.} ({De hoofdvariant gaat verder met} 10. dxe5 dxe5 11. h3) 10... exd4 {
17'} 11. Nd5 dxc5 {40'} ({Belhach was een van de weinigen die na lang nadenken
op e4 durfde te slaan tegen mij in een Corus 4-kamp begin dit jaar. Dit is een
zeer kritieke voortzetting. Arno Bezemer vertelde mij dat hij deze stelling
een hele nacht op het computerprogramma Shredder had laten draaien en dat toen
Dxe4 er als beste uit kwam.} 11... Qxe4 12. Ne7+ Kh8 {Migchiel de Jong
vertrouwde dit niet wegens} 13. Re1 {maar dat is volgens mij niet de beste.}) (
{Prettig om te zien dat ook Arnes held Navara ook in deze variant gelooft.} 
11... Nxc5 12. Nxc7 Qxe4 13. Re1 Rb8 14. Bc4 Qf5 15. Be7 Bd7 16. h3 Nf6 17.
Bxd6 Nce4 18. Bxf8 Rxf8 19. Qxd4 $14 {Navara - McShane, Gothenburg SWE 2005 
(58.1-0)}) ({Bezemer speelde tegen mij} 11... Be6 {hij kwam minder te staan,
maar ik verknoeide het helaas.}) 12. Bxa6 {10'} bxa6 13. Nxc7 $6 {Zwart krijgt
veel te veel compensatie voor de kwaliteit. Op het moment dat ik mijn paard
pakte realiseerde ik me dat Cheparinov heeft laten zien hoe je het wel moet
spelen.} (13. Rc1 $1 Bb7 14. Rxc5 Bxd5 15. exd5 Qd7 16. h3 Qd6 17. b4 Ne5 18.
Nxd4 Nd7 19. Ra5 Rfe8 20. Nc6 Nb8 21. Qc2 Nxc6 22. Qxc6 Qxb4 23. Rxa6 Bf8 24.
Qxc7 h6 25. Be3 Red8 26. Rxa7 {1-0 Cheparinov - Matamoros Franco, Dos Hermanas
2005}) 13... Qxe4 {44'} 14. Re1 $6 {12' Ik zat zo te balen dat ik niet meer
helder na kon denken. Zoals Migchiel na afloop aangaf, is deze zet al
onnauwkeurig. Ik had meteen de toren moeten slaan met een onduidelijke
stelling.} Qc6 $1 15. Nxa8 Bb7 16. Re7 $2 {31' Na lang vruchteloos piekeren
weer een rotte. Zwart dreigt vervelend Pe5 en mijn zet verhindert dat. Beter
was mijn eerstegedachte} (16. Bf4 {al heb ik liever zwart.}) 16... Bxa8 $1 17.
Bf4 $2 {39' Weer een rotte. Op het moment dat ik hem losliet zag ik zwarts
antwoord.} (17. h3 Ne5 18. Rc1 $17) 17... Qf6 $19 {48' Natuurlijk, het is
meteen uit.} 18. Bg5 Qd6 {Er dreigt zowel Lxf3 als f6.} 19. Qe1 {44'} Bxf3 20.
gxf3 Qxh2+ 21. Kf1 Ne5 (21... d3 $1) 22. Qd1 d3 {en ik feliciteerde Migchiel.
Het was pas 10 voor 3 en ik kon verder rustig de wedstrijd volgen. Daar viel
trouwens weinig te genieten. Mijn geknoei werkte kennelijk aanstekelijk en het
resultaat was een 71/2-21/2 nederlaag. De Italiaan in Harlingen was overigens
wel gezellig.} 0-1

[Event "Euwe-Groningen II  5,5-4,5"]
[Site "?"]
[Date "2007.03.24"]
[Round "7"]
[White "Lobzhanidze, Davit"]
[Black "Witt, Rob"]
[Result "1-0"]
[WhiteElo "2482"]
[BlackElo "2220"]
[Annotator "Witt"]
[PlyCount "55"]
[EventDate "2007.??.??"]

{De 7e ronde knsb kwam het sterke Groningen II op bezoek. We waren inmiddels
de degradatiezone angsvallig dicht genaderd, zodat we op aandringen van Marc
Overeem de opstelling wat hadden aangepast. Gertjan, Alje en Tigran aan een
laag bord om punten te scoren en Gunther en Francis aan een hoog bord om
zoveel mogelijk tegen te houden. Juan en ik zouden het ook moeilijk krijgen
tegen respectievelijk Lobzhanidze en Ligterink. De staartborden deden het niet
helemaal naar wens en verloren met 3-2. Gelukkig deden de kopborden het met 3,
5-1,5 verrassend goed, zodat we met 5,5-4,5 wonnen. Juan (tegen Ligterink),
Gunther en Francis wonnen alledrie en Marc zorgde voor het beslissende halfje,
hoewel dat eigenlijk een vol punt had moeten zijn. Alleen bij mij ging het op
nogal onnozele wijze al vrij snel mis.} 1. e4 e6 2. d4 {Hiermee was 90% van
mijn voorbereiding tevergeefs want de sympathieke Georgiër speelt bijna altijd
2.d3 in die pakweg 50 partijen die ik van hem tegen het Frans gezien had.} d5
3. Nc3 {2' En hiermee was de resterende 10% voorbereiding nutteloos, want zijn
enige alternatief was 3.Pd2. Hij vertelde me na afloop dat hij veel had
gestudeerd op 3.Pc3 sinds het verschijnen van de beide voortreffelijke boeken
van Khalifman, Äccording to Anand" deel 6 en 7. Hij had ook gezien dat ik
altijd de Winawer (3...Lb4) speel.} Nf6 {2' Ik vermoedde al dat hij zich
voorbereid had en besloot mijn gebruikelijke Winawer te vervangen door het
Klassieke Frans.} 4. e5 Nfd7 5. f4 (5. Nce2 {is een interessante zijvariant.})
5... c5 6. Nf3 Nc6 7. Be3 {5'} Be7 $5 {5' Deze wat minder gebruikelijke zet
was in zoverre een goede keus dat mijn tegenstander die nog niet bestudeerd
had. Enigszins tot mijn verbazing vond hij het een passieve zet. Toch is dit
diverse keren door Morozevich gespeeld en recentelijk door de jonge 2600+
Chinezen Ni Hua en Wang Hao (Wang Who?) en ook door Gurevich als ik me niet
vergis. De hoofdvarianten beginnen met} (7... cxd4 {of}) (7... a6) 8. Qd2 {
12' De meest gespeelde zet. Khalifman beveelt dxc5 aan.} (8. dxc5 O-O 9. Qd2
Nxc5 10. a3 b6 11. Bb5 Bb7 12. O-O Rc8 13. Rad1 Qc7 14. Qe1 Rfd8 15. Bxc6 Bxc6
16. Nd4 g6 17. Bf2 Bf8 18. Bh4 Re8 19. Kh1 a6 20. Bf6 Nd7 21. Qh4 Nxf6 22. exf6
Qd8 23. f5 exf5 24. Nxf5 Re6 25. Nd4 Rd6 26. Qf4 b5 27. Rde1 Bb7 28. Re3 Qb6
29. Nce2 a5 30. Ng3 b4 31. axb4 axb4 32. Nh5 Qd8 33. Nf5 d4 34. Re7 Rb6 35.
Rfe1 Qd5 36. R1e2 Qxf5 37. Qxf5 gxf5 {0-1 Kramnik,V-Morozevich,A/Monte Carlo
2003}) 8... O-O 9. Bd3 {20' Een ongebru ikelijke zet, meestal gaat de loper
naar e2 of wordt g3 gespeeld. De lange rokade is riskant zoals een jonge
talentvolle teamgenoot van Arne vorig jaar ondervond.} (9. O-O-O c4 10. f5 b5
11. fxe6 fxe6 12. Nxb5 Rb8 13. Nd6 Bxd6 14. exd6 Nb4 15. Kb1 Nf6 16. a3 Ne4 17.
Qe1 c3 18. b3 Qa5 19. Bc1 Nxc2 20. Kxc2 Bd7 21. b4 Qa4+ 22. Kd3 c2 23. Rd2 Qb3+
24. Ke2 Bb5+ 25. Rd3 Qxd3# {0-1 Pruijssers,R-Li Shilong/Dieren ch-NED open 2006
}) (9. Be2) (9. g3) 9... a6 {9' Misschien is dit niet de beste met de loper op
d3. In aanmerking komt} (9... f6 $5 10. exf6 Bxf6 {en nu blijkt Ld3 niet zo
goed te staan.} 11. Be2 cxd4 12. Nxd4 Bxd4 13. Bxd4 e5 14. Bxe5 Ndxe5 15. fxe5
Be6 16. O-O-O d4 17. Nb5 Qd5 18. c4 Qxe5 19. Rhe1 Qc5 20. Nxd4 {1/2-1/2
Efimenko,Z-Goloshchapov,A/Hamburg 2007}) ({Een ander idee is} 9... cxd4 10.
Nxd4 Nc5) 10. O-O b5 11. dxc5 {23'} Bxc5 {17' Lobzhanidze leek dit minder goed.
Ik moet zeggen dat ik te weinig ervaring met dit type stelling heb om te
doorgronden hoe je nu het beste terug kan slaan. Er zijn veel partijen met
deze pionnenstructuur waar zwart de lopers ruilt.} (11... Nxc5) 12. Bxc5 {37'}
Nxc5 13. Qf2 $1 Nxd3 {27' Min of meer gedwongen leek me, omdat het loperoffer
op h7 ook in de stelling zit.} 14. cxd3 {Ik was hier niet tevreden met mijn
stelling. Voor je het weet worden er allerlei stukken geruild en kom je in een
eindspel met paard tegen slechte loper.} Bd7 {45'} 15. Rac1 $6 {45' Hier was
Lob achteraf niet tevreden over. Hij vond dat hij meteen het paard op c3 had
moeten omspelen met een structureel voordeeltje voor wit.} (15. Ne2) 15... Rc8
{49'} 16. Ne2 {1.04' Dit houdt min of meer een pionoffer in, waar hij tijdens
de partij zeer tevreden over was. Het blijkt echter tegen te vallen.} (16. a3
b4 $13) 16... Qa5 $1 {1.03'} (16... Nb4 17. Rxc8 Qxc8 18. Rc1 Qb7 19. Qd4 $14)
17. Ned4 $6 {Over 47'} ({Misschien had wit toch maar} 17. a3 {moeten spelen.
Maar na} b4 {is er niks mis met de zwarte stelling.}) 17... Nxd4 {Over 50'} 18.
Nxd4 Rxc1 {40'} ({Ik dacht dat ik het pionoffer niet kon aannemen en keek
daarom ook naar} 18... b4 {maar dan volgt sterk} 19. Nb3 $14 Qxa2 $2 20. Nc5)
19. Rxc1 Rc8 $4 {Daar heb je hem weer, de A TEMPOZET. Zwart staat op slag
verloren. Doodzonde dat ik me niet nog eens goed in de stelling verdiept heb.
Ik dacht niet veel meer dan dat ik een moeizaam eindspel tegemoet ging.} ({
Ik had natuurlijk wel de pion moeten nemen} 19... Qxa2 20. Qd2 {Dit was
Lobzhanidze van plan.} ({Ik dacht echter dat de rechtvaardiging van het
pionoffer lag  in} 20. Rc7 $2 {Volkomend overziend dat na} Qb1+ 21. Qf1 {
ik geen dames hoef te ruilen maar beschik over} Qxb2 $19 {omdat het witte
paard hangt.}) ({We keken achteraf ook nog naar} 20. b4 Qa4 $1 21. Qb2 a5 22.
Rc7 Rd8 {maar ook hier staat zwart beter.}) 20... Qa4 21. b4 a5 $1 {Gemist
door Lob in de vooruitberekening. Wit heeft nauwlijks genoeg compensatie voor
de pion.}) 20. Rxc8+ {44'} Bxc8 {Nu pas, terwijl mijn tegenstander lang
nadacht, drong het tot me door hoe sterk zijn volgende zet is.} 21. Nc6 $1 $18
{23'  het is meteen uit.} Qxa2 {38'} (21... Qc7 22. Qc5 $18 {en zwart heeft
geen zet meer.}) 22. Ne7+ Kh8 (22... Kf8 23. Qc5) 23. Qc2 {20'  Er waren meer
winnende damezetten.} ({Natuurlijk niet} 23. Nxc8 Qa1+ 24. Qf1 Qxb2 25. Nd6 Kg8
{en zwart leeft nog.}) 23... Bd7 {35'} 24. Qc7 Qb1+ 25. Kf2 g6 {29'} 26. Qd8+ {
18'} Kg7 27. Qg8+ Kh6 28. Qxf7 {en ik feliciteerde mijn tegenstander. Gelukkig
hebben mijn teamgenoten het beter gedaan. Euwe I is veilig.} 1-0

[Event "Euwe Intern 2006-2007"]
[Site "?"]
[Date "2006.04.05"]
[Round "10.2"]
[White "Doggers, Peter"]
[Black "Witt, Rob"]
[Result "0-1"]
[WhiteElo "2226"]
[BlackElo "2220"]
[Annotator "Witt"]
[PlyCount "53"]
[EventDate "2006.??.??"]

{De 10e ronde van de interne was voor mij pas de 5e partij na enkele weken
afwezigheid wegens wat fysieke ongemakken. Een leuke opening tegen een leuke
tegenstander, maar helaas werd de partij ontsierd door een 'blunder' van Peter
zoals wel vaker gebeurt in onze partijen. Het was eigenlijk geen echte blunder
maar een zetverwisseling. Peter was daarna zo van slag dat hij binnen de
kortste keren onnodig verloor. Bij de post-mortem concludeeren we ten onrechte
dat wit gewonnen stond als hij niet de zetten verwisseld had. Achteraf blijkt
dat echter niet waar.} 1. Nf3 Nf6 2. c4 e6 3. g3 b6 ({Geen zin in mijn
gebruikelijke} 3... d5 {Ik heb de laatste maanden teveel Katalaans gezien.}) 4.
Bg2 Bb7 5. d4 Be7 6. O-O O-O {Via zetverwisseling is het klassieke Dameïndisch
ontstaan waarbij wit de populaire variant met La6 vermeden heeft.} 7. d5 $5 {
10' Een interessant gambiet waarmee beide spelers geen enkele ervaring hebben.}
exd5 {6'} 8. Nh4 $1 {Tot 1980 werd hier uitsluitend Pd4 gespeeld. Ik
herinnerde me vaag dat Ph4! destijds een belangrijk nieuwtje was in een partij
Polugaevsky-Kortschnoj en dat er iets was gebeurd met het schijnoffer Pxg7.
Wat ik niet meer wist was, dat dit gebeurde in de cruciale 12e matchpartij in
Buenos Aires. In "My Great Predecessors" deel III van Kasparov lees ik op blz.
100 dat de stand op dat moment 6-5 voor Kortschnoj was. Polugaevsky moest deze
partij winnen om een verlenging uit het vuur te slepen. In de 6e en 8e
matchpartij had hij met 8.Pd4 niks bereikt en bij de voorbereiding op de 12e
partij ook geen verbeteringen gevonden. Toen vond hij deze compleet nieuwe
aanpak en het zou de beste partij van de match worden.} c6 9. cxd5 {12'} Nxd5 {
7'} 10. Nf5 Nc7 $1 {17' Waarschijnlijk de beste aanpak.} ({Destijds vond
Kortschnoj niet het beste plan.} 10... Bc5 $6 11. e4 Ne7 12. Nxg7 $1 Kxg7 13.
b4 {De pointe.} Bxb4 {Kasparov wijst hier op een interessant alternatief} (
13... Ba6 14. Re1 (14. bxc5 $6 Bxf1 15. Bxf1 f6 16. Bb2 Ng6 17. Na3 {is te
gewaagd.}) 14... Bxf2+ $5 15. Kxf2 Ng6 {en nu suggereert Kasparov} 16. e5 $5 f6
17. Qh5 fxe5+ 18. Kg1 Kh8 19. Bg5 Qe8 20. Nc3 {met aanvalskansen.}) 14. Qd4+ f6
15. Qxb4 c5 16. Qd2 Nbc6 17. Bb2 Ba6 18. Rd1 Ne5 19. Na3 N7c6 20. Qe3 $1 Qe7
21. f4 Nc4 22. Nxc4 Bxc4 23. e5 fxe5 24. Bxc6 dxc6 25. Rd7 $3 {
Polugaevsky-Kortschnoj, Buenos Aires 1980/Candidates (73.1-0)}) 11. Nc3 {17'} (
{Arne wees me op een recente knsbpartij van Robert Ris.} 11. e4 d5 12. Re1 Re8
13. Nc3 Nba6 14. Bf4 Bf8 15. Qg4 Qf6 16. Qh3 Bc8 17. g4 Bxf5 18. gxf5 Bd6 19.
Qg3 Bxf4 20. Qxf4 $15 {Ris-Kabatianski, Netherlands ch-NED tt 2007 (43.1/2-1/2)
}) 11... d5 {27'} ({Ik keek hier ook nog even naar} 11... Ne8 {maar ik vond
het er raar uitzien. Toch blijkt de zet gespeeld te zijn en niet door de
minste spelers.} 12. Bf4 Na6 13. Qd2 d5 14. e4 Nac7 15. Rad1 Bf6 16. exd5 Nxd5
17. Nxd5 cxd5 18. Ne3 Nc7 19. Bxc7 Qxc7 {1/2-1/2 Timman - Karpov, Tilburg 1983}
) 12. e4 Bc5 $6 {34' Dit vonden we achteraf een dubieuze zet. Normaal blijkt} (
12... Bf6 {Die zet beviel me ten onrechte niet wegens} 13. Bf4 (13. exd5 cxd5 (
13... Nxd5 $5) 14. Bf4 Nba6 15. Re1 Qd7 $6 ({Beter is} 15... Nc5) 16. Bh3 Kh8
$2 17. Ne4 Bxb2 18. Ng5 Qc6 19. Ne7 Qf6 20. Nxh7 Qd4 21. Qh5 g6 22. Qh4 Bxa1
23. Nf6+ {1-0 Kasparov - Marjanovic, Olympiade Malta 1980. Opmerkelijk is dat
Kasparov twee ronden later tegen Ligterink speelde en toen het ganbiet naliet.
Ligterink schreef later dat hij zich volstrekt kansloos voelde tegen Kasparov.
Dat jongetje straalde zo enorm veel energie uit.}) 13... Bc8 $1 {Destijds een
belangrijk nieuwtje van Karpov.} 14. g4 $5 Nba6 {met onduidelijk spel in
Kasparov - Karpov, 2e matchpartij WK Moscow 1984 (46.1/2-1/2)}) 13. exd5 {
26' Ik weet niet of dit de beste zet is. De stelling is razend moeilijk. Wit
stond voor een moeilijke keus uit diverse kansrijk ogende mogelijkheden. De 8'
die Peter in deze stelling gebruikte lijkt weinig, maar ik denk dat hij gewoon
een praktische beslissing nam. Na een half uur nadenken weet je ook niet wat
het beste is.} (13. Qg4 Qf6 (13... g6) 14. Bg5 Qg6 15. Qh4 (15. Na4 $5) 15...
f6 16. Be3 Kh8 17. Rfd1 Nba6 18. exd5 cxd5 19. Bxc5 Nxc5 20. Nd6 Bc6 21. Nxd5
Bxd5 22. Bxd5 Nxd5 23. Rxd5 $14 {Ruest - Spoelman, La Fere FRA 2005 (60.1-0)})
({Kansrijk lijkt} 13. Bh6 $5 {Ik heb deze zet tijdens de partij niet gezien en
ik geloof dat we in de nazit deze zet pas een zet later bekeken hebben.} Ne8 (
13... g6 14. b4 (14. Bxf8 Bxf8 {lijkt ok voor zwart.}) 14... Bxb4 15. Qd4 Bxc3
16. Qxc3 f6 (16... Ne6 17. exd5 cxd5 18. Rfe1 $1 gxf5 19. Rxe6 d4 20. Qe1 Bxg2
21. Qe5 f6 22. Qxf5 {met aanvalskansen.}) 17. Bxf8 Qxf8 18. Ne3 $14)) ({
Ik geloof dat we hier ook keken naar} 13. b4 Bxb4 14. Bb2 $13) 13... Nxd5 {
41' Dit blijkt een nieuwe zet te zijn.} (13... cxd5 14. Qg4 Qf6 15. Bg5 Qg6 16.
Nh4 Qe6 $13 {Dorfman - Agzamov, Tashkent 1980 (75.1/2-1/2)}) 14. Nxd5 {38'} ({
In eerste instantie vreesde ik} 14. Ne4 {maar toen vond ik} Bc8 $1 {en zwart
staat zeker niet minder.}) ({Het alternatief} 14. Qg4 {hebben we op dit moment
geloof ik niet bekeken.} Qf6 15. Ne4 Qg6 16. Qxg6 hxg6 17. Nxc5 bxc5 18. Nd6
Ba6 19. Rd1 Rd8 {lijkt in orde voor zwart.}) 14... cxd5 15. b4 $1 {48' Een
mooi concept, al gaf Peter na afloop toe dat hij het om de verkeerde reden
speelde.} (15. Bh6 Qf6 16. Qg4 Qg6 {is goed voor zwart.}) (15. Qg4 Qf6 16. Bg5
Qg6 {lijkt ook niks voor wit.}) 15... Qf6 {44' Ik dacht tijdens de partij dat
ik hier goed stond, maar ik had wits volgende zet gemist.} 16. Qf3 $1 {60'}
Bxb4 {53'} ({Te gevaarlijk is} 16... Qxa1 17. Bh6 Qf6 18. Bxg7 Qg6 19. bxc5 Re8
20. Nd6) 17. Rb1 $1 {Wit nog 23', zwart 27'. Deze sterke zet had Peter niet
vantevoren gepland. Zijn bedoeling was} (17. Nh6+ Kh8 18. Qxf6 gxf6 19. Bb2 {
maar na} Nd7 {heeft wit niks.}) 17... Bc3 18. Ba3 Na6 {Ik koos voor deze
paardzet om ook veld c7 te beschermen.} (18... Nd7 {bevat nog een
verdedigingsidee dat ik gemist heb.} 19. Rfc1 d4 {Met het paard op a6 is dit
niet mogelijk.} 20. Qxb7 Qxf5 {Ik vermoed echter dat zwart na} 21. Bxf8 Rxf8
22. Qxa7 Ba5 23. Qb7 {niet helemaal voldoende compensatie heeft.}) 19. Rfc1 $2
{13' Het vraagteken is niet omdat de zet zo slecht is (in tegendeel!), maar
omdat Peter de zetten verwisselde. Hij wilde eerst Pd6 spelen en dan pas evt.
Tc1.} ({Peter plande dus} 19. Nd6 {en na afloop concludeerden we winst voor
wit. Ten onrechte. Het is zelfs de vraag of dit wel de beste zet is.} Bc6 $1 {
Die hebben we niet serieus bekeken omdat hij niet mogelijk lijkt.} ({
Verliezend is inderdaad} 19... Bc8 20. Qxd5 Be6 21. Qd3 $1 $18) ({en} 19...
Qxf3 20. Bxf3 Rab8 21. Rfc1 Bf6 22. Nxb7 Rxb7 23. Bxf8 Kxf8 24. Rc8+ Ke7 25.
Bxd5 $18) 20. Rfc1 Nc5 {Om de een of andere reden hebben we allebei deze
mogelijkheid gemist.} 21. Bxc5 bxc5 22. Qxf6 (22. Qxc3 Qxd6 23. Qxc5 Qxc5 24.
Rxc5 Rac8 25. Rbc1 Bb7 26. Bxd5 Rxc5 27. Rxc5 Rc8 $11) 22... Bxf6 23. Rxc5 Bd7
24. Bxd5 Rad8 $11) ({Achteraf denk ik dat wit na het simpele} 19. Bxf8 Rxf8 20.
Ne3 Rd8 21. Rfc1 {iets beter staat.}) 19... Be5 {24'} 20. Be7 {10' Peter was
volkomen van de kaart door de zetverwisseling, zoal later zal blijken. Hij had
ook te weinig tijd om zichzelf weer "zusammen zu fassen".} ({Een interessante
mogelijkheid van Rybka is} 20. Ne7+ Kh8 21. Qxf6 gxf6 (21... Bxf6 22. Nxd5 Rfd8
23. Nxf6 Bxg2 24. Kxg2 gxf6 25. Be7 $14) 22. Rd1 Rfd8 23. Nxd5 Kg7 24. f4 Bd6
25. Bxd6 Rxd6 26. Nxb6 Rxd1+ 27. Rxd1 Bxg2 28. Nxa8 Bxa8 29. Rd7 $14) 20... Qe6
21. Bxf8 {7'} Rxf8 22. Re1 $2 {Geeft zwart de kans om zijn paard in het spel
te brengen.} ({Onduidelijk is} 22. Ne3 Rd8 23. Rd1 Nc7) 22... Nc5 {20' Nu
staat zwart iets beter} 23. Qe2 $2 {5'} (23. Rbd1 $15) 23... Bc3 {18' Een
vervelende zet in tijdnood, maar objektief beter was} (23... Ne4) 24. Qg4 Qf6 (
24... Ne4 $5) 25. Red1 $2 {4'} ({Beter was} 25. Ne7+ Kh8 26. Re2 $13) 25... h5
$1 {15'} 26. Qf3 {3'} (26. Qxh5 g6 27. Nh6+ Kg7 28. Qh3 Rh8 $19) (26. Qf4 Be5
$19) 26... d4 27. Qd3 $4 {Een verschrikkelijke blunder, maar wit stond al
verloren.} ({Het enige was} 27. Qf4 {maar dan volgt sterk} g5 28. Qc7 Bxg2 29.
Ne7+ Kg7 30. Kxg2 Re8 $1 ({Tijdens de postmortem keken we voornamelijk naar} 
30... g4) 31. Nd5 Qf5 32. Nxc3 dxc3 33. Rbc1 Re2 34. Rf1 h4 $19) 0-1